[Event "TCh-FRA Top 12 2014"]
[Site "Saint-Quentin FRA"]
[Date "2014.05.27"]
[Round "4.2"]
[White "Pelletier, Yannick"]
[Black "Amin, Bassem"]
[Result "1/2-1/2"]
[WhiteTitle "GM"]
[BlackTitle "GM"]
[WhiteElo "2577"]
[BlackElo "2628"]
[WhiteTeam "Les Tours de Haute Picardie"]
[BlackTeam "C.E. de Bois-Colombes"]
[WhiteFideId "1301837"]
[BlackFideId "10601457"]
[EventDate "2014.05.24"]

1. d4 Nf6 2. c4 e6 3. Nf3 Bb4+ 4. Bd2 Qe7 5. g3 Nc6 6. Nc3 O-O 7. Bg2 d6 8. d5
Ne5 9. Nxe5 dxe5 10. O-O exd5 11. cxd5 Rd8 12. Qb3 c6 13. Rfd1 Bxc3 14. Bxc3
cxd5 15. Bxd5 Nxd5 16. Rxd5 Rxd5 17. Qxd5 Bg4 18. f3 Rd8 19. Qxe5 Qxe5 20. Bxe5
Be6 21. Bc3 f6 22. Kf2 Kf7 23. g4 h5 24. gxh5 Rh8 25. h4 Rxh5 26. Kg3 a6 27. a3
Bb3 28. Bd4 Rd5 29. e3 Ba4 30. Rh1 Kg6 31. Rg1 Bc6 32. Bc3 Ba4 33. Bd4 Bc6 34.
Kf4+ Kf7 35. Rc1 Kg6 36. Rg1+ Kf7 37. Rc1 Kg6 38. Kg3 Kf7 39. Rc4 Rd7 40. Rc5
Rd5 41. Rc4 Rd7 42. a4 Rd6 43. Kg4 Kg6 44. b3 Bd5 45. Rb4 Bc6 46. Rc4 Bd5 47.
Rb4 Bc6 48. Kg3 Kh7 49. Rc4 Kg6 50. Rc5 Rd5 51. Rc1 Kf7 52. Rd1 Rd6 53. h5 Kg8
54. Rd2 Kh7 55. e4 Be8 56. Kg4 Bd7+ 57. Kf4 Be8 58. e5 fxe5+ 59. Kxe5 Rh6 60.
Rg2 Rxh5+ 61. Kd6 g5 62. Be3 Bc6 63. Rxg5 Rxg5 64. Bxg5 1/2-1/2

[Event "TCh-FRA Top 12 2014"]
[Site "Saint-Quentin FRA"]
[Date "2014.05.27"]
[Round "4.3"]
[White "Cornette, Matthieu"]
[Black "Bunzmann, Dimitrij"]
[Result "1-0"]
[WhiteTitle "GM"]
[BlackTitle "GM"]
[WhiteElo "2547"]
[BlackElo "2464"]
[WhiteTeam "C.E. de Bois-Colombes"]
[BlackTeam "Les Tours de Haute Picardie"]
[WhiteFideId "620084"]
[BlackFideId "4634284"]
[EventDate "2014.05.24"]

1. Nf3 d5 2. c4 e6 3. g3 a6 4. Bg2 dxc4 5. O-O Nd7 6. Qc2 Nb6 7. a4 a5 8. Na3
Bxa3 9. Rxa3 Nf6 10. d3 cxd3 11. Rxd3 Bd7 12. b3 O-O 13. Ba3 Re8 14. Ne5 Qc8 15.
Rfd1 Nbd5 16. e4 Nb6 17. Rc3 Bc6 18. Nxc6 bxc6 19. Rxc6 Ra7 20. Rc1 Na8 21. e5
Nd5 22. Bxd5 exd5 23. Qc5 Ra6 24. Rxa6 Qxa6 25. Qxd5 h6 26. Bb2 Rb8 27. Re1 Qe6
28. Qxa5 Qxb3 29. Bc3 Nb6 30. e6 f6 31. Bxf6 gxf6 32. Qh5 Qxa4 33. Qg6+ Kh8 34.
Qxh6+ Kg8 35. Qg6+ Kh8 36. Re4 Qd1+ 37. Kg2 Qd5 38. Kh3 1-0

[Event "TCh-FRA Top 12 2014"]
[Site "Saint-Quentin FRA"]
[Date "2014.05.27"]
[Round "4.4"]
[White "Kveinys, Aloyzas"]
[Black "Bauer, Christian"]
[Result "0-1"]
[WhiteTitle "GM"]
[BlackTitle "GM"]
[WhiteElo "2547"]
[BlackElo "2628"]
[WhiteTeam "Les Tours de Haute Picardie"]
[BlackTeam "C.E. de Bois-Colombes"]
[WhiteFideId "12800040"]
[BlackFideId "603767"]
[EventDate "2014.05.24"]

1. Nf3 d5 2. d4 Nf6 3. c4 e6 4. Bg5 Bb4+ 5. Nc3 dxc4 6. e3 b5 7. a4 c6 8. Be2
Nbd7 9. O-O Qb6 10. Qc2 Bb7 11. Nd2 a6 12. b3 cxb3 13. Qxb3 Be7 14. Rfc1 O-O 15.
Nde4 Rfc8 16. h3 c5 17. axb5 cxd4 18. Bxf6 Nxf6 19. Na4 Qd8 20. Nxf6+ Bxf6 21.
Rxc8 Rxc8 22. bxa6 Bd5 23. Qb6 d3 0-1

[Event "TCh-FRA Top 12 2014"]
[Site "Saint-Quentin FRA"]
[Date "2014.05.27"]
[Round "4.5"]
[White "Kazakov, Mikhail"]
[Black "Eliet, Nicolas"]
[Result "1-0"]
[WhiteTitle "GM"]
[BlackTitle "IM"]
[WhiteElo "2517"]
[BlackElo "2402"]
[WhiteTeam "C.E. de Bois-Colombes"]
[BlackTeam "Les Tours de Haute Picardie"]
[WhiteFideId "14102749"]
[BlackFideId "602302"]
[EventDate "2014.05.24"]

1. d4 e6 2. c4 d5 3. Nc3 Nf6 4. Bg5 Be7 5. e3 O-O 6. Nf3 Nbd7 7. Qc2 c5 8. Rd1
cxd4 9. Nxd4 dxc4 10. Bxc4 Qa5 11. Bh4 Ne5 12. Be2 Bd7 13. Bg3 Nc6 14. Nb3 Qb6
15. O-O Nb4 16. Qb1 Rfd8 17. Nd2 Rac8 18. Nc4 Qc6 19. Nd6 Ra8 20. Bf3 Nbd5 21.
Nxd5 exd5 22. Nf5 Bf8 23. Bh4 Rdc8 24. Nd4 Qb6 25. Bxf6 Qxf6 26. Bxd5 Rc7 27.
Qe4 Re8 28. Qf3 Qxf3 29. Nxf3 Bg4 30. Rd4 Bxf3 31. Bxf3 Be7 32. Rfd1 b6 33. g3
Kf8 34. Rd7 Rec8 35. b3 a5 36. a4 g6 37. Be2 Ke8 38. Bb5 Kf8 39. Ba6 Rxd7 40.
Rxd7 Rc6 41. Bc4 Rf6 42. Kf1 Bc5 43. Ke2 g5 44. f4 gxf4 45. exf4 h6 46. Kf3 Kg7
47. h3 Kf8 48. Ke4 Ba3 49. h4 Be7 50. Rb7 Rg6 51. Kf3 Rc6 52. g4 Bxh4 53. Rxf7+
Ke8 54. Rh7 Rf6 55. Bd3 Be1 56. Bf5 Kf8 57. Ke4 Kg8 58. Rc7 Bb4 59. g5 hxg5 60.
fxg5 Rf8 61. Be6+ 1-0

[Event "TCh-FRA Top 12 2014"]
[Site "Saint-Quentin FRA"]
[Date "2014.05.27"]
[Round "4.6"]
[White "Godart, Francois"]
[Black "Abergel, Thal"]
[Result "1-0"]
[WhiteTitle "FM"]
[BlackTitle "GM"]
[WhiteElo "2376"]
[BlackElo "2417"]
[WhiteTeam "Les Tours de Haute Picardie"]
[BlackTeam "C.E. de Bois-Colombes"]
[WhiteFideId "208078"]
[BlackFideId "614890"]
[EventDate "2014.05.24"]

1. d4 d6 2. e4 g6 3. Nc3 Bg7 4. f4 c6 5. Nf3 Bg4 6. Be3 Qa5 7. Be2 d5 8. e5 Nh6
9. Nd2 Nf5 10. Bf2 Bxe2 11. Qxe2 h5 12. O-O e6 13. Nd1 Nd7 14. Nb3 Qc7 15. Ne3
O-O-O 16. Nxf5 gxf5 17. Bh4 Rdg8 18. a4 Bh6 19. Be7 Rg4 20. Bd6 Qd8 21. Qd2 Rhg8
22. Rf2 Nf6 23. Nc5 Ne4 24. Nxe4 fxe4 25. Kh1 Kd7 26. Raf1 f5 27. Ba3 Kc8 28. b4
Qb6 29. Rb1 Qa6 30. b5 cxb5 31. Qc3+ Qc6 32. Qa5 b4 33. Bxb4 e3 34. Re2 Rxf4 35.
Qxa7 Qa6 36. Qc5+ Kb8 37. Qd6+ Ka8 38. Qxa6+ bxa6 39. Rxe3 Rxd4 40. Reb3 Rb8 41.
g3 Rc4 42. Bd2 Rxb3 43. cxb3 Bxd2 44. bxc4 dxc4 45. Rb6 c3 46. Rc6 Kb7 47. Rc4
Kb6 48. Kg2 f4 49. gxf4 c2 50. Rxc2 Bxf4 51. Rc4 Bxe5 52. Rh4 Kc5 53. Rxh5 Kd4
54. Rh7 Kc5 55. Re7 a5 56. Rxe6 Kd5 57. Ra6 Bc3 58. Rb6 Kc5 59. Rb5+ Kc4 60. h4
Bb4 61. h5 Kb3 62. h6 Kxa4 63. Rxb4+ 1-0

[Event "TCh-FRA Top 12 2014"]
[Site "Saint-Quentin FRA"]
[Date "2014.05.27"]
[Round "4.7"]
[White "Shoker, Samy"]
[Black "Cappon, John"]
[Result "1-0"]
[WhiteTitle "IM"]
[WhiteElo "2453"]
[BlackElo "2238"]
[WhiteTeam "C.E. de Bois-Colombes"]
[BlackTeam "Les Tours de Haute Picardie"]
[WhiteFideId "627143"]
[BlackFideId "608459"]
[EventDate "2014.05.24"]

1. g3 e5 2. Bg2 Nc6 3. d3 Bc5 4. Nf3 d6 5. O-O Nge7 6. c3 Bb6 7. Nbd2 a6 8. b4
O-O 9. a4 Ng6 10. Ba3 Nce7 11. Nc4 c6 12. Nxb6 Qxb6 13. c4 Qc7 14. Qb3 h6 15. b5
c5 16. e3 f5 17. Nd2 Rb8 18. b6 Qd8 19. d4 cxd4 20. exd4 Kh7 21. dxe5 dxe5 22.
Rad1 Qe8 23. Bd6 Ra8 24. c5 Rf6 25. Nc4 e4 26. f3 Bd7 27. Ra1 Bc6 28. Na5 Bd5
29. Qc3 Re6 30. fxe4 fxe4 31. Bh3 Nc6 32. Rad1 Nxa5 33. Rxd5 Nc6 34. Bxe6 Qxe6
35. Rdf5 Re8 36. Rf7 Nce5 37. Rxb7 Qg4 38. Rc7 Re6 39. b7 e3 40. b8=Q e2 41.
Rxg7+ Kxg7 42. Bxe5+ Rxe5 43. Qbxe5+ 1-0

[Event "TCh-FRA Top 12 2014"]
[Site "Saint-Quentin FRA"]
[Date "2014.05.27"]
[Round "4.8"]
[White "Benmesbah, Natacha"]
[Black "Dacalor, Aurelie"]
[Result "1-0"]
[WhiteTitle "WIM"]
[BlackTitle "WFM"]
[WhiteElo "2187"]
[BlackElo "2030"]
[WhiteTeam "Les Tours de Haute Picardie"]
[BlackTeam "C.E. de Bois-Colombes"]
[WhiteFideId "642002"]
[BlackFideId "617083"]
[EventDate "2014.05.24"]

1. e4 e5 2. Nf3 Nc6 3. Bc4 Bc5 4. d3 Nf6 5. Nbd2 d6 6. c3 O-O 7. Bb3 a6 8. O-O
Ba7 9. h3 Be6 10. Re1 h6 11. Nf1 Bxb3 12. Qxb3 Qd7 13. Ng3 Rab8 14. Be3 Bxe3 15.
Rxe3 Qe6 16. Qc2 Ne7 17. Nh4 Ng6 18. Nxg6 fxg6 19. d4 Nd7 20. Ne2 g5 21. Qb3
Qxb3 22. axb3 Rf7 23. Rd1 Rbf8 24. f3 Re7 25. Red3 g6 26. b4 h5 27. c4 Nf6 28.
Nc3 exd4 29. Rxd4 g4 30. c5 dxc5 31. bxc5 gxf3 32. gxf3 Nh7 33. Nd5 Ref7 34. f4
c6 35. Nc3 Rxf4 36. Rd6 Kg7 37. Rd7+ R8f7 38. Rxf7+ Rxf7 39. Kg2 g5 40. Ne2 Kf6
41. Ng3 h4 42. Nf5 Ke5 43. Kf3 Nf6 44. Nd6 Re7 45. Nc4+ Ke6 46. Rd6+ Kf7 47. e5
Nd7 48. e6+ Rxe6 49. Rxd7+ Kg6 50. Rxb7 Rf6+ 51. Kg2 Rf4 52. Ne3 Re4 53. Ng4
Re2+ 54. Kf3 Rc2 55. Rb6 Kg7 56. b4 Rc3+ 57. Ne3 a5 58. bxa5 Rxc5 59. a6 Rc3 60.
Ke4 c5 61. Rb7+ Kg6 62. a7 Ra3 63. Ng4 Ra4+ 64. Kd5 c4 65. Ne5+ Kh6 66. Nxc4 g4
67. Nb6 Ra5+ 68. Ke4 1-0

[Event "TCh-FRA Top 12 2014"]
[Site "Saint-Quentin FRA"]
[Date "2014.05.27"]
[Round "4.1"]
[White "Riazantsev, Alexander"]
[Black "Sokolov, Ivan"]
[Result "1-0"]
[WhiteTitle "GM"]
[BlackTitle "GM"]
[WhiteElo "2692"]
[BlackElo "2650"]
[WhiteTeam "Club d'Echecs Metz Fischer"]
[BlackTeam "L'Echiquier Chalonnais"]
[WhiteFideId "4125029"]
[BlackFideId "14400030"]
[EventDate "2014.05.24"]

1. e4 e5 2. Nf3 Nc6 3. Bc4 Nf6 4. Ng5 d5 5. exd5 Na5 6. Bb5+ c6 7. dxc6 bxc6 8.
Bd3 h6 9. Ne4 Nd5 10. O-O Be7 11. Ng3 h5 12. Re1 h4 13. Nf5 Bf6 14. Be4 Be6 15.
d4 Nb6 16. Bd2 Nbc4 17. Bxa5 Nxa5 18. b4 Nc4 19. Bxc6+ Kf8 20. dxe5 Qxd1 21.
Rxd1 Rd8 22. Rxd8+ Bxd8 23. Nd4 Bc7 24. Nc3 Bxe5 25. Nxe6+ fxe6 26. Rd1 Nd6 27.
Nb5 Ke7 28. Nxa7 Nf5 29. Be4 Nd4 30. Kf1 Kf6 31. c3 Nf5 32. Nb5 Bxh2 33. a4 1-0

[Event "TCh-FRA Top 12 2014"]
[Site "Saint-Quentin FRA"]
[Date "2014.05.27"]
[Round "4.2"]
[White "Krasenkow, Michal"]
[Black "Postny, Evgeny"]
[Result "1/2-1/2"]
[WhiteTitle "GM"]
[BlackTitle "GM"]
[WhiteElo "2635"]
[BlackElo "2641"]
[WhiteTeam "L'Echiquier Chalonnais"]
[BlackTeam "Club d'Echecs Metz Fischer"]
[WhiteFideId "1113100"]
[BlackFideId "2804344"]
[EventDate "2014.05.24"]

1. d4 d5 2. Nf3 Nf6 3. c4 c6 4. e3 a6 5. Bd3 Bg4 6. Nbd2 e6 7. b3 Nbd7 8. Bb2
Bd6 9. Qc2 Qe7 10. Ne5 Bh5 11. O-O Bg6 12. f4 Bxd3 13. Qxd3 Bb4 14. Bc3 Bxc3 15.
Qxc3 O-O 16. c5 Nxe5 17. fxe5 Nd7 18. e4 f6 19. exf6 Rxf6 20. e5 Rxf1+ 21. Rxf1
Rf8 22. Qg3 Rxf1+ 23. Kxf1 Qf7+ 24. Ke2 Qf5 25. Qh4 g5 26. Qh5 Nf8 27. g4 Qg6
28. Qxg6+ Nxg6 29. b4 Nh8 30. Nf3 Nf7 31. Kd3 Kf8 32. Kc3 Ke7 33. Kb3 a5 34.
bxa5 Kd7 35. Ne1 Nh8 36. Nd3 Ng6 37. Kc3 Nh4 38. Nb4 Nf3 39. h3 Ng1 40. Kd2 Nxh3
41. Nd3 Nf4 42. Nxf4 gxf4 43. Ke2 Ke7 44. Kf3 Kf7 45. Kxf4 Kg6 46. Kf3 Kg5 47.
Kg3 h5 48. gxh5 Kxh5 49. Kh3 1/2-1/2

[Event "TCh-FRA Top 12 2014"]
[Site "Saint-Quentin FRA"]
[Date "2014.05.27"]
[Round "4.3"]
[White "Svetushkin, Dmitry"]
[Black "Salgado Lopez, Ivan"]
[Result "0-1"]
[WhiteTitle "GM"]
[BlackTitle "GM"]
[WhiteElo "2544"]
[BlackElo "2627"]
[WhiteTeam "Club d'Echecs Metz Fischer"]
[BlackTeam "L'Echiquier Chalonnais"]
[WhiteFideId "13900463"]
[BlackFideId "2257327"]
[EventDate "2014.05.24"]

1. e4 e6 2. d4 d5 3. Nc3 Nf6 4. e5 Nfd7 5. Nce2 c5 6. c3 Nc6 7. Nf3 Be7 8. a3 c4
9. Nf4 Na5 10. Be3 Nb6 11. h4 Bd7 12. Nh5 Ba4 13. Qe2 Rg8 14. Bg5 h6 15. Bxe7
Qxe7 16. g3 Nd7 17. Bg2 O-O-O 18. Nf4 g6 19. Nh2 Qf8 20. Ng4 Qg7 21. Bf3 Nb3 22.
Rb1 g5 23. hxg5 hxg5 24. Ng2 Rh8 25. O-O Qh7 26. N2e3 f5 27. exf6 Nxf6 28. Rfe1
Ne4 29. Nf1 Nbd2 30. Nxd2 Nxd2 31. Qxd2 Bc2 32. Rbc1 Bf5 33. Ne5 Rdf8 34. Bg2
Qh2+ 35. Kf1 Bh3 36. Bxh3 Rxh3 37. Qe3 Rxg3 38. Qxg3 Qxg3 39. Re2 Qf4 40. Rd1
Rh8 41. Re3 Rh1+ 42. Ke2 Rxd1 43. Kxd1 Qxf2 44. Re2 Qf5 45. Kd2 g4 46. Ke3 Qe4+
47. Kf2 g3+ 48. Kf1 0-1

[Event "TCh-FRA Top 12 2014"]
[Site "Saint-Quentin FRA"]
[Date "2014.05.27"]
[Round "4.4"]
[White "Dourerassou, Jonathan"]
[Black "Taddei, Benoit"]
[Result "1-0"]
[WhiteTitle "IM"]
[BlackTitle "FM"]
[WhiteElo "2502"]
[BlackElo "2367"]
[WhiteTeam "L'Echiquier Chalonnais"]
[BlackTeam "Club d'Echecs Metz Fischer"]
[WhiteFideId "628050"]
[BlackFideId "610151"]
[EventDate "2014.05.24"]

1. e4 Nc6 2. d4 d5 3. Nc3 e5 4. dxe5 d4 5. Nd5 Nge7 6. Bc4 Be6 7. Nxe7 Qxe7 8.
Bxe6 Qxe6 9. f4 O-O-O 10. Nf3 Bb4+ 11. Bd2 Qc4 12. a3 Bc5 13. Qe2 Qe6 14. Ng5
Qe7 15. Qc4 Rdf8 16. b4 h6 17. Nf3 Bb6 18. b5 Nd8 19. a4 Bc5 20. f5 Re8 21. a5
c6 22. Rb1 b6 23. axb6 axb6 24. Bf4 g5 25. Bg3 Qd7 26. O-O Rhg8 27. e6 fxe6 28.
Ne5 Qb7 29. bxc6 Nxc6 30. Nd3 Qe7 31. f6 1-0

[Event "TCh-FRA Top 12 2014"]
[Site "Saint-Quentin FRA"]
[Date "2014.05.27"]
[Round "4.5"]
[White "Belkhodja, Slim"]
[Black "Sebag, Marie"]
[Result "1-0"]
[WhiteTitle "GM"]
[BlackTitle "GM"]
[WhiteElo "2410"]
[BlackElo "2486"]
[WhiteTeam "Club d'Echecs Metz Fischer"]
[BlackTeam "L'Echiquier Chalonnais"]
[WhiteFideId "600229"]
[BlackFideId "617822"]
[EventDate "2014.05.24"]

1. e4 c5 2. Nf3 d6 3. Bb5+ Nd7 4. d4 cxd4 5. Qxd4 a6 6. Ba4 e5 7. Qd3 h6 8. Be3
Nf6 9. O-O Be7 10. c4 O-O 11. Nc3 Qa5 12. Bxd7 Bxd7 13. b4 Qc7 14. Rac1 Rfc8 15.
Nd2 Be6 16. Nd5 Bxd5 17. exd5 a5 18. a3 axb4 19. axb4 Ng4 20. c5 Nxe3 21. fxe3
dxc5 22. b5 Rd8 23. Nc4 Bd6 24. e4 Qe7 25. Rf3 Qe8 26. b6 Ra4 27. h4 Qb5 28. Kh2
Rb4 29. g4 Be7 30. Kg3 Ra8 31. d6 Bf6 32. Qd5 Rb3 33. Rf1 Rxf3+ 34. Rxf3 Qb1 35.
Nxe5 Qg1+ 36. Kf4 Qh2+ 37. Kf5 Bxe5 38. Qxe5 g6+ 39. Kf6 Qxh4+ 40. g5 hxg5 41.
Ke7 f5 42. Qe6+ Kh8 43. Qf6+ Kh7 44. exf5 Qe4+ 45. Qe6 Qxf3 46. Qf7+ Kh8 47.
Qf6+ Kg8 48. Qxg6+ Kh8 49. Kf7 Qb3+ 50. Qe6 Ra3 51. d7 Qxe6+ 52. fxe6 Rd3 53.
Ke8 1-0

[Event "TCh-FRA Top 12 2014"]
[Site "Saint-Quentin FRA"]
[Date "2014.05.27"]
[Round "4.6"]
[White "Favarel, Antoine"]
[Black "Terrieux, Kevin"]
[Result "1/2-1/2"]
[WhiteTitle "FM"]
[BlackTitle "IM"]
[WhiteElo "2333"]
[BlackElo "2416"]
[WhiteTeam "L'Echiquier Chalonnais"]
[BlackTeam "Club d'Echecs Metz Fischer"]
[WhiteFideId "642371"]
[BlackFideId "622591"]
[EventDate "2014.05.24"]

1. d4 Nf6 2. c4 e6 3. g3 d5 4. Nf3 dxc4 5. Qa4+ c6 6. Qxc4 b5 7. Qb3 Bb7 8. Bg2
Nbd7 9. O-O a6 10. Ne5 Nxe5 11. dxe5 Nd5 12. Nc3 Qc7 13. Nxd5 cxd5 14. Bf4 Bc5
15. Rac1 Qb6 16. Be3 Bxe3 17. Qxe3 Qxe3 18. fxe3 Rc8 19. Rxc8+ Bxc8 20. e4 d4
21. Rd1 Ke7 22. Rxd4 a5 23. Rd2 Bd7 24. Rc2 Rc8 25. Rxc8 Bxc8 26. Kf2 f6 27. a3 1/2-1/2

[Event "TCh-FRA Top 12 2014"]
[Site "Saint-Quentin FRA"]
[Date "2014.05.27"]
[Round "4.7"]
[White "Koch, Jean-Rene"]
[Black "Velten, Paul"]
[Result "1/2-1/2"]
[WhiteTitle "IM"]
[BlackTitle "IM"]
[WhiteElo "2455"]
[BlackElo "2429"]
[WhiteTeam "Club d'Echecs Metz Fischer"]
[BlackTeam "L'Echiquier Chalonnais"]
[WhiteFideId "600148"]
[BlackFideId "681091"]
[EventDate "2014.05.24"]

1. c4 e5 2. g3 Nc6 3. Bg2 Bc5 4. Nc3 Nf6 5. Nf3 d6 6. d3 h6 7. O-O O-O 8. a3 a6
9. b4 Ba7 10. Bb2 Bf5 11. Rc1 Qd7 12. Nd5 Nxd5 13. cxd5 Ne7 14. d4 f6 15. Nd2
Rac8 16. Nc4 Bh3 17. e4 Ng6 18. Ne3 Bxg2 19. Kxg2 Rce8 20. Nf5 Ne7 21. Nxe7+
Rxe7 22. dxe5 fxe5 23. Qe2 Ref7 24. f3 Bb6 25. Rcd1 Qa4 26. Bc1 a5 27. b5 Bc5
28. Qd3 Rf6 29. Rd2 R8f7 30. Rc2 Rf8 31. Qc4 Qxc4 32. Rxc4 b6 33. a4 g5 34. Rc3
R8f7 35. Rd3 Rg7 36. Rh1 h5 37. h4 g4 38. f4 Re7 39. f5 Rh7 40. Bg5 Rf8 41. Rf1
Kf7 42. Rdd1 Rg8 43. f6 Rg6 44. Rf5 Rh8 45. Kf1 Rh7 46. Ke2 Rh8 47. Rdf1 Rh7 48.
Kd3 Rg8 49. Bc1 Rhh8 50. Be3 Bxe3 51. Kxe3 Rh6 52. R1f2 Rh7 53. Ke2 Rh6 54. Kf1
Rgh8 55. Rc2 Rc8 56. Rcf2 Rch8 57. Kg2 Rg8 58. Rc2 Rc8 59. Rcf2 Rg8 60. Rf1 Rgh8
61. R5f2 Rc8 62. Kg1 Rg6 63. Kh2 Rh6 64. Kg2 Rg6 65. Rf5 Rh6 66. Rg5 Rxf6 67.
Rxf6+ Kxf6 68. Rxg4 hxg4 69. Kf2 Kg6 70. Ke2 Kh6 71. Ke3 1/2-1/2

[Event "TCh-FRA Top 12 2014"]
[Site "Saint-Quentin FRA"]
[Date "2014.05.27"]
[Round "4.8"]
[White "Donrault, Patrick"]
[Black "Leconte, Maria"]
[Result "0-1"]
[BlackTitle "WGM"]
[WhiteElo "2195"]
[BlackElo "2259"]
[WhiteTeam "L'Echiquier Chalonnais"]
[BlackTeam "Club d'Echecs Metz Fischer"]
[WhiteFideId "605255"]
[BlackFideId "618446"]
[EventDate "2014.05.24"]

1. d4 Nf6 2. Nf3 e6 3. c4 b6 4. e3 Bb7 5. Nbd2 c5 6. Bd3 Be7 7. O-O O-O 8. b3
cxd4 9. exd4 d6 10. Bb2 Nbd7 11. Qe2 Rc8 12. Rfe1 Re8 13. Ng5 Nf8 14. Nge4 Nxe4
15. Nxe4 Ng6 16. g3 f5 17. Nd2 Bf6 18. f4 Qd7 19. Nf3 Qc6 20. Kf2 e5 21. fxe5
dxe5 22. Bxf5 exd4 23. Qd3 Re3 24. Rxe3 dxe3+ 25. Qxe3 Re8 0-1

[Event "TCh-FRA Top 12 2014"]
[Site "Saint-Quentin FRA"]
[Date "2014.05.28"]
[Round "5.1"]
[White "Vazquez Igarza, Renier"]
[Black "Gharamian, Tigran"]
[Result "1/2-1/2"]
[WhiteTitle "GM"]
[BlackTitle "GM"]
[WhiteElo "2601"]
[BlackElo "2655"]
[WhiteTeam "Echecs Club Montpellier"]
[BlackTeam "Evry Grand Roque"]
[WhiteFideId "3503054"]
[BlackFideId "13301527"]
[EventDate "2014.05.24"]

1. Nf3 Nf6 2. c4 e6 3. d4 d5 4. Nc3 Bb4 5. cxd5 exd5 6. Bg5 h6 7. Bh4 c5 8. dxc5
Nbd7 9. Qd4 Qa5 10. a3 Bxc3+ 11. bxc3 O-O 12. Qb4 Qxc5 13. Bxf6 Qxb4 14. axb4
Nxf6 15. Nd4 Be6 16. f3 a6 17. e3 Rfc8 18. Kd2 Rc7 19. Bd3 Rac8 20. Ra3 Kf8 21.
b5 axb5 22. Nxb5 Rd7 23. Nd4 Rdc7 24. Rb1 Ne8 25. Rb6 Bd7 26. Bf5 g6 27. Bb1 Bc6
28. Ba2 h5 29. Ra7 Nf6 30. Rb4 Re7 31. c4 Rce8 32. Nxc6 bxc6 33. Rxe7 Rxe7 34.
Rb6 Rc7 35. cxd5 Nxd5 36. Bxd5 1/2-1/2

[Event "TCh-FRA Top 12 2014"]
[Site "Saint-Quentin FRA"]
[Date "2014.05.28"]
[Round "5.2"]
[White "Istratescu, Andrei"]
[Black "Libiszewski, Fabien"]
[Result "1-0"]
[WhiteTitle "GM"]
[BlackTitle "GM"]
[WhiteElo "2667"]
[BlackElo "2543"]
[WhiteTeam "Evry Grand Roque"]
[BlackTeam "Echecs Club Montpellier"]
[WhiteFideId "1200372"]
[BlackFideId "616834"]
[EventDate "2014.05.24"]

1. e4 d6 2. d4 Nf6 3. f3 c5 4. d5 g6 5. c4 Bg7 6. Ne2 O-O 7. Nec3 e6 8. Be3 a6
9. a4 Qe7 10. Qd2 Nbd7 11. Be2 1-0

[Event "TCh-FRA Top 12 2014"]
[Site "Saint-Quentin FRA"]
[Date "2014.05.28"]
[Round "5.3"]
[White "Mista, Aleksander"]
[Black "Relange, Eloi"]
[Result "1-0"]
[WhiteTitle "GM"]
[BlackTitle "GM"]
[WhiteElo "2593"]
[BlackElo "2466"]
[WhiteTeam "Echecs Club Montpellier"]
[BlackTeam "Evry Grand Roque"]
[WhiteFideId "1110381"]
[BlackFideId "600822"]
[EventDate "2014.05.24"]

1. e4 c5 2. Nf3 e6 3. d4 cxd4 4. Nxd4 d6 5. c4 Nf6 6. Nc3 b6 7. Bd3 Bb7 8. O-O
Nbd7 9. Qe2 g6 10. Bc2 a6 11. b3 Bg7 12. Ba3 Nc5 13. Rad1 O-O 14. e5 Nh5 15. f4
Qh4 16. Bc1 Rad8 17. Qe3 Bh6 18. exd6 e5 19. Nf3 exf4 20. Qe7 Qg4 21. b4 Nd7 22.
h3 Qe6 23. Nd5 Rfe8 24. Rfe1 Rxe7 25. dxe7 Re8 26. Rxe6 fxe6 27. Nxf4 Nxf4 28.
Bxf4 Bxf4 29. Rxd7 Bc6 30. Ra7 a5 31. bxa5 Be3+ 32. Kf1 bxa5 33. Rc7 Bxf3 34.
Ba4 1-0

[Event "TCh-FRA Top 12 2014"]
[Site "Saint-Quentin FRA"]
[Date "2014.05.28"]
[Round "5.4"]
[White "Gordon, Stephen J"]
[Black "Flear, Glenn C"]
[Result "1-0"]
[WhiteTitle "GM"]
[BlackTitle "GM"]
[WhiteElo "2493"]
[BlackElo "2488"]
[WhiteTeam "Evry Grand Roque"]
[BlackTeam "Echecs Club Montpellier"]
[WhiteFideId "411477"]
[BlackFideId "400165"]
[EventDate "2014.05.24"]

1. c4 e6 2. g3 d5 3. Bg2 Nf6 4. Nf3 dxc4 5. Qa4+ c6 6. Qxc4 b5 7. Qb3 Bb7 8. O-O
Nbd7 9. d4 a6 10. Ne5 Nxe5 11. dxe5 Nd7 12. Nc3 Be7 13. Ne4 Nc5 14. Nxc5 Bxc5
15. Be3 Qb6 16. Bxc5 Qxc5 17. Rac1 Qxe5 18. Bxc6+ Bxc6 19. Rxc6 O-O 20. Qc2 Qd5
21. b3 Rfd8 22. Rc1 g6 23. h4 h5 24. Qc3 Qe4 25. Qc2 Qd5 26. Qb2 Qe4 27. Rc7 Qd4
28. Qxd4 Rxd4 29. R1c2 Rd5 30. Kg2 a5 31. R7c5 Rad8 32. Kf3 Kg7 33. Ke3 Kf6 34.
f3 R8d7 35. Rxd5 Rxd5 36. Rc7 Re5+ 37. Kd2 Rd5+ 38. Kc2 b4 39. e4 Rd8 40. Rc5
Ra8 41. Kd3 a4 42. Kc4 axb3 43. axb3 Ra1 44. Kxb4 Rg1 45. Kc4 Rxg3 46. b4 Rxf3
47. b5 Rf1 48. b6 Rb1 49. Rb5 Rc1+ 50. Kb4 Rc8 51. b7 Rb8 52. Ka5 g5 53. Kb6
gxh4 54. Rxh5 Kg6 55. Rxh4 Kg5 56. Rh1 f5 57. e5 Kf4 58. Re1 Rh8 59. Ka7 Kg3 60.
b8=Q Rxb8 61. Kxb8 1-0

[Event "TCh-FRA Top 12 2014"]
[Site "Saint-Quentin FRA"]
[Date "2014.05.28"]
[Round "5.5"]
[White "Kazhgaleyev, Murtas"]
[Black "Milliet, Sophie"]
[Result "1-0"]
[WhiteTitle "GM"]
[BlackTitle "IM"]
[WhiteElo "2570"]
[BlackElo "2393"]
[WhiteTeam "Echecs Club Montpellier"]
[BlackTeam "Evry Grand Roque"]
[WhiteFideId "13700316"]
[BlackFideId "623725"]
[EventDate "2014.05.24"]

1. d4 Nf6 2. c4 e6 3. Nf3 b6 4. g3 Bb7 5. Bg2 Be7 6. O-O O-O 7. Re1 Na6 8. Ne5
Bxg2 9. Kxg2 c5 10. d5 Qc7 11. Nf3 exd5 12. cxd5 d6 13. Nc3 Qb7 14. a4 Nc7 15.
e4 a6 16. Nh4 g6 17. Bh6 Rfd8 18. Qd2 Nd7 19. Nf3 b5 20. h4 Ne5 21. Nxe5 dxe5
22. Qe3 c4 23. h5 b4 24. Ne2 Ne8 25. hxg6 fxg6 26. f4 Bf6 27. fxe5 Bxe5 28. Nd4
Qb6 29. Nc6 Qxe3 30. Rxe3 Bxb2 31. Rb1 c3 32. Rf3 Nd6 33. Ne7+ Kh8 34. Be3 h5
35. Bd4+ Kh7 36. Rbf1 Re8 37. Rf7+ Nxf7 38. Rxf7+ Kh6 39. Be3+ g5 40. Nf5+ Kg6
41. Rg7+ Kf6 42. Bd4+ Re5 43. Re7 c2 44. Bxb2 c1=Q 45. Bxe5+ 1-0